MARC details
| 000 -LEADER |
| fixed length control field |
02201cam a2200481 i 4500 |
| 001 - CONTROL NUMBER |
| control field |
200468157 |
| 003 - CONTROL NUMBER IDENTIFIER |
| control field |
TR-AnTOB |
| 005 - DATE AND TIME OF LATEST TRANSACTION |
| control field |
20260416154831.0 |
| 007 - PHYSICAL DESCRIPTION FIXED FIELD--GENERAL INFORMATION |
| fixed length control field |
ta |
| 008 - FIXED-LENGTH DATA ELEMENTS--GENERAL INFORMATION |
| fixed length control field |
260416t19801980nyu b 001 0 eng |
| 010 ## - LIBRARY OF CONGRESS CONTROL NUMBER |
| LC control number |
79004825 |
| 016 7# - NATIONAL BIBLIOGRAPHIC AGENCY CONTROL NUMBER |
| Record control number |
011659721 |
| Source |
Uk |
| 020 ## - INTERNATIONAL STANDARD BOOK NUMBER |
| International Standard Book Number |
0804424268 |
|
| International Standard Book Number |
9780804424264 |
|
| International Standard Book Number |
0804463182 |
| Qualifying information |
(paperback) |
|
| International Standard Book Number |
9780804463188 |
| Qualifying information |
(paperback) |
| 035 ## - SYSTEM CONTROL NUMBER |
| System control number |
(CU-S)b17200581-01ucs_sdi |
|
| System control number |
(OCoLC)06223409 |
| Canceled/invalid control number |
(OCoLC)1019894953 |
| -- |
(OCoLC)1054230965 |
|
| System control number |
(OCoLC)ocm06223409 |
|
| System control number |
(EXLNZ-01UCS_NETWORK)9912427528606531 |
|
| System control number |
(TR-AnTOB)200468157 |
| 040 ## - CATALOGING SOURCE |
| Original cataloging agency |
DLC |
| Language of cataloging |
eng |
| Description conventions |
rda |
| Transcribing agency |
DLC |
| Modifying agency |
BAKER |
| -- |
NLGGC |
| -- |
BTCTA |
| -- |
GEBAY |
| -- |
VOV |
| -- |
FPB |
| -- |
YDXCP |
| -- |
GBVCP |
| -- |
P4I |
| -- |
OCLCQ |
| -- |
OCLCO |
| -- |
OCLCF |
| -- |
OCLCQ |
| -- |
PAU |
| -- |
OCLCQ |
| -- |
IL4J6 |
| -- |
SUC |
| -- |
OCLCO |
| -- |
UKMGB |
| -- |
OCLCL |
| -- |
OCLCQ |
| -- |
HDC |
| -- |
OCLCO |
| -- |
IG# |
| -- |
OCLCQ |
| -- |
IC7 |
| -- |
OCLCL |
| -- |
OCLCQ |
| -- |
OCLCL |
| -- |
OCLCO |
| -- |
YBM |
| -- |
OCLCQ |
| -- |
OCLCO |
| -- |
TR-AnTOB |
| 041 0# - LANGUAGE CODE |
| Language code of text/sound track or separate title |
İngilizce |
| 050 00 - LIBRARY OF CONGRESS CALL NUMBER |
| Classification number |
PS3503.R167 |
| Item number |
Z72 1980 |
| 090 ## - LOCALLY ASSIGNED LC-TYPE CALL NUMBER (OCLC); LOCAL CALL NUMBER (RLIN) |
| Classification number (OCLC) (R) ; Classification number, CALL (RLIN) (NR) |
PS3503.R167 |
| Local cutter number (OCLC) ; Book number/undivided call number, CALL (RLIN) |
Z72 1980 |
| 100 1# - MAIN ENTRY--PERSONAL NAME |
| Personal name |
Johnson, Wayne L., |
| Dates associated with a name |
1942- |
| Relator term |
author |
| Relator code |
aut |
| Authority record control number or standard number |
http://id.loc.gov/authorities/names/n80036077 |
| 9 (RLIN) |
153741 |
| 245 10 - TITLE STATEMENT |
| Title |
Ray Bradbury / |
| Statement of responsibility, etc. |
Wayne L. Johnson. |
| 264 #1 - PRODUCTION, PUBLICATION, DISTRIBUTION, MANUFACTURE, AND COPYRIGHT NOTICE |
| Place of production, publication, distribution, manufacture |
New York : |
| Name of producer, publisher, distributor, manufacturer |
Frederick Ungar Publishing Co., |
| Date of production, publication, distribution, manufacture, or copyright notice |
[1980] |
|
| Date of production, publication, distribution, manufacture, or copyright notice |
©1980 |
| 300 ## - PHYSICAL DESCRIPTION |
| Extent |
xiii, 173 pages ; |
| Dimensions |
22 cm |
| 336 ## - CONTENT TYPE |
| Content type term |
text |
| Content type code |
txt |
| Source |
rdacontent |
| 337 ## - MEDIA TYPE |
| Media type term |
unmediated |
| Media type code |
n |
| Source |
rdamedia |
| 338 ## - CARRIER TYPE |
| Carrier type term |
volume |
| Carrier type code |
nc |
| Source |
rdacarrier |
| 490 0# - SERIES STATEMENT |
| Series statement |
Recognitions |
| 504 ## - BIBLIOGRAPHY, ETC. NOTE |
| Bibliography, etc. note |
Includes bibliographical references and index. |
| 505 0# - FORMATTED CONTENTS NOTE |
| Formatted contents note |
The writer and his work -- Medicines for melancholy -- The pandemonium shadow show -- Future imperfect -- Machineries of joy and sorrow -- Green town, Illinois -- Mars -- Other themes -- Other work -- Looking ahead -- Notes -- Bibliography -- Index. |
| 520 ## - SUMMARY, ETC. |
| Summary, etc. |
Analyzing Bradbury's evocative style and language, Johnson also examines a number of recurring themes and their variations in Bradbury's writing -- space and time travel, death, Mars, nostalgia, robots, magic, and monsters, among others. |
| 600 10 - SUBJECT ADDED ENTRY--PERSONAL NAME |
| Personal name |
Bradbury, Ray, |
| Dates associated with a name |
1920-2012 |
| General subdivision |
Criticism and interpretation |
| 9 (RLIN) |
23710 |
| 650 #0 - SUBJECT ADDED ENTRY--TOPICAL TERM |
| Topical term or geographic name entry element |
Science fiction, American |
| General subdivision |
History and criticism |
| 9 (RLIN) |
93801 |
| 942 ## - ADDED ENTRY ELEMENTS (KOHA) |
| Source of classification or shelving scheme |
Library of Congress Classification |
| Koha item type |
Book |